000 01967nam a22003974i 4500
999 _c64276
_d64276
001 832218
003 CO-MdFUSB
005 20180412120600.0
008 771116t19781992nyu g b 001 0 eng
010 _a 77025025
020 _a0883440768
040 _aDLC
_cCO-MdFUSB
_dDLC
_bspa
_erda
041 1 _aeng
082 0 0 _224
_aG 232
_bS677c
100 1 _aSobrino, Jon.
_eautor
240 1 0 _aCristología desde América Latina.
242 1 3 _aLa cristología en la encrucijada
_b: un enfoque latinoamericano
_lInglés
245 1 0 _aChristology at the crossroads
_b: A Latin American approach
_c/ Jon Sobrino ; traducido por John Drury.
264 1 _aMaryknoll, N.Y. :
_bOrbis Books,
_c℗1992
264 4 _c©1978
300 _axxvi, 432 páginas ;
_c21 cm.
_b:
336 _2rdacontent
_atexto
_btxt
337 _2rdamedia
_asin mediación
_bn
338 _2rdacarrier
_avolumen
_bnc
500 _aTranslation of Cristología desde América Latina.
501 _aIncluye índice (p. 425- 432)
505 _aEl Jesús histórico: el punto de partida para la cristología -- El enfoque de la cristología: observaciones preliminares -- Jesús al servicio del Reino de Dios -- La fe de Jesús: su relevancia para la cristología y su seguimiento a Jesús -- La oración de Jesús -- La muerte de Jesús y la liberación en la historia -- La resurrección de Jesús: problema hermenéutico -- La resurrección de Jesús: problema teológico -- El Jesús histórico y el Cristo de la fe: la tensión entre la fe y la religión -- Los dogmas de la cristología -- Tesis para una Cristología Histórica -- Apéndice: El Cristo de los ejercicios de ignación.
563 _aRústica
650 7 _aCristología
_9239
650 7 _aTeología de la liberación
_9449
700 1 _9235
_aDrury, John,
_d1936-
_etraductor
906 _a7
_bcbc
_corignew
_d1
_eocip
_f19
_gy-gencatlg
942 _cBK